000 00829nam a22002417a 4500
001 3532
003 FISKH
005 20240318085049.0
008 240318b cb ||||| |||| 00| 0 eng d
040 _aFISK
_beng
_cFISK
_dFISK
050 _aPZ10.H43
082 _a823.91
100 _aHenry Marguerite
_d1902-1997
245 _aStormy, misty's foal /
_cMarguerite Henry
260 _aNew York :
_bMacmillan Publishing Company,
_c1963
300 _a222 pages :
_billustrations,
_c20 cm
505 _aM
520 _aA foal, born in the aftermath of a great storm, and her famous mother help raise money to repair the storm damage on Chincoteague Island and restore the herds of wild ponies on Assateague Island.
521 8 _a760
_bLexile
700 _aMarguerite Henry
942 _2ddc
_cBK
_n0
999 _c3532
_d3532